Statistiques concernant Stations Thermales Françaises

Cliquez ici pour prendre le quiz!

Statistiques générales

  • Ce quiz a été pris 43 fois
  • Le résultat moyen est 14 sur 96

Statistiques - réponses

HintRéponse% Correct
Vichy
70%
74Evian
67%
73Aix les Bains
61%
Thonon
58%
Vittel
55%
40Dax
48%
Contrexeville
45%
Ax les Thermes
36%
04Digne les Bains
36%
88Bains les Bains
33%
63La Bourboule
30%
95Enghien les Bains
27%
Bagnères de Bigorre
24%
31Bagneres de Luchon
21%
Plombières les Bains
21%
59Saint Amand les Eaux
21%
Salins les Bains
21%
Vals les Bains
21%
57Amnéville
18%
Chatelguyon
18%
01Divonne les Bains
18%
Gréoux les Bains
18%
70Luxeuil les Bains
18%
Néris les Bains
18%
52Bourbonne les Bains
15%
64Cambo les Bains
15%
Cauterets
15%
15Chaudes Aigues
15%
23Evaux les Bains
15%
17Jonzac
15%
86La Roche Posay
15%
39Lons le Saunier
15%
Brides les Bains
12%
Challes les Eaux
12%
Eaux Bonnes
12%
Eaux Chaudes
12%
Eugénie les Bains
12%
Lamalou les Bains
12%
Lectoure
12%
Mont Dore
12%
Rochefort
12%
Salies de Béarn
12%
Uriage
12%
09Aulus les Bains
9%
34Avène
9%
61Bagnols de l'Orne
9%
Balaruc les Bains
9%
32Barbotan les Thermes
9%
71Bourbon Lancy
9%
Capvern
9%
Castéra-Verduzan
9%
42Montrond les Bains
9%
Royat
9%
Saint Gervais les Bains
9%
Saujon
9%
11Alet les Bains
6%
38Allevard
6%
66Amélie les Bains Palalda
6%
65Argelès Gazost
6%
Barèges
6%
03Bourbon L'archambault
6%
47Casteljaloux
6%
Le Boulou
6%
Luz Saint Sauveur
6%
13Marseille (Camoins les Bains)
6%
26Montbrun les Bains
6%
07Neyrac les Bains
6%
Niederbronn les Bains
6%
Préchacq les Bains
6%
Rennes les Bains
6%
58Saint Honoré les bains
6%
Saint Laurent les Bains
6%
Saint Nectaire
6%
Salies du Salat
6%
21Santenay
6%
Vernet les Bains
6%
30Allègre les Fumades
3%
46Alvignac Miers
3%
48Bagnols les Bains
3%
Barbazan
3%
06Berthemont les Bains
3%
974Cilaos
3%
12Cransac les Thermes
3%
20Isolaccio di Fiumorbo
3%
La Léchère
3%
Molitg les Bains
3%
67Morsbronn les Bains
3%
Prats de Mollo la Preste
3%
971Saint Claude
3%
Saint Lary Soulan
3%
Saint Paul les Dax
3%
Salins les Thermes
3%
Saubusse les Bains
3%
Soultz les Bains
3%
Ussat les Bains
3%
Chateauneuf les Bains
0%

Distribution des résultats

Percentile par nombre de réponses

% des personnes avec chaque résultat

Votre développement - résultats

Vous n’avez pas pris ce quiz